| 000 | 00698nam a2200229 a 4500 | ||
|---|---|---|---|
| 001 | 61168 | ||
| 003 | BD-RjUL | ||
| 005 | 20211209080929.0 | ||
| 008 | 170115s1950 xx 000 0 eng d | ||
| 035 | _a(BD-RjUL)61292 | ||
| 040 |
_aPAU _cPAU _dEQO _dBD-RjUL _beng |
||
| 041 | _aeng | ||
| 082 |
_223 _a494.8145 _bSPK 1950 |
||
| 100 | 1 |
_aSpencer, Harold. _9182550 |
|
| 245 | 1 | 2 |
_aA Kanarese grammar : _bwith graduated exercises / _cby Harold Spencer, revised by W. Peraton |
| 260 |
_aMysore : _bPrinted at the Wesley Press, _c1950. |
||
| 300 |
_axii,452 p. ; _c22 cm. |
||
| 500 | _aIncludes index | ||
| 650 | 0 |
_aKannada language _xGrammar. _9182551 |
|
| 700 | 1 |
_aPerston, W. _9182552 |
|
| 942 |
_2ddc _cBK |
||
| 999 |
_c61168 _d61168 |
||